| 000 | 00645nam a2200217Ii 4500 | ||
|---|---|---|---|
| 001 | 20903 | ||
| 003 | CO-ViMGA | ||
| 008 | 241108s9999||||xx |||||||||||||| ||und|| | ||
| 020 | _a9580476683 | ||
| 040 |
_aCO-ViMGA _bspa _erda _cCO-ViMGA |
||
| 041 | 0 | _aspa | |
| 084 | _aN NAV5 | ||
| 100 | 1 |
_aNora Cecilia. Navas _950843 |
|
| 245 | 1 | 0 | _aCatire Valentín y Pili la linda en travesía tricolor |
| 264 | 1 | _aBogotá, Colombia : Grupo Editorial Norma, 2004 | |
| 300 | _avolumen | ||
| 336 |
_atext _btxt _2rdacontent |
||
| 337 |
_aunmediated _bn _2rdamedia |
||
| 338 |
_avolume _bnc _2rdacarrier |
||
| 940 | _aidficha_siabuc: 20557. -- ficha_no_siabuc:20903 | ||
| 999 |
_c45538 _d45538 |
||